Every last drop : (Record no. 5676)

MARC details
000 -LEADER
fixed length control field 00989nam a22002657a 4500
001 - CONTROL NUMBER
control field 5676
003 - CONTROL NUMBER IDENTIFIER
control field FISKH
005 - DATE AND TIME OF LATEST TRANSACTION
control field 20250113110117.0
008 - FIXED-LENGTH DATA ELEMENTS--GENERAL INFORMATION
fixed length control field 250113b cb ||||| |||| 00| 0 eng d
020 ## - INTERNATIONAL STANDARD BOOK NUMBER
International Standard Book Number 9781459802230
040 ## - CATALOGING SOURCE
Original cataloging agency FISKH
Language of cataloging eng
Transcribing agency FISKH
Modifying agency FISKH
050 ## - LIBRARY OF CONGRESS CALL NUMBER
Classification number HD1691.M84
082 ## - DEWEY DECIMAL CLASSIFICATION NUMBER
Classification number 333.91
100 ## - MAIN ENTRY--PERSONAL NAME
Personal name Mulder, Michelle
245 ## - TITLE STATEMENT
Title Every last drop :
Remainder of title Bringing clean water home/
Statement of responsibility, etc. by Michelle Mulder
250 ## - EDITION STATEMENT
Edition statement First published in the United States, 2014
260 ## - PUBLICATION, DISTRIBUTION, ETC.
Place of publication, distribution, etc. Victoria :
Name of publisher, distributor, etc. Orca Book Publishers ;
Date of publication, distribution, etc. 2014.
300 ## - PHYSICAL DESCRIPTION
Extent 48 pages :
Other physical details color illustrations ;
Dimensions 26 cm .
490 ## - SERIES STATEMENT
Series statement Orca Footprints
Volume/sequential designation Book 4
520 ## - SUMMARY, ETC.
Summary, etc. Looks at why the world's water resources are at risk and how communities around the world are finding innovative ways to quench their thirst and water their crops.
650 ## - SUBJECT ADDED ENTRY--TOPICAL TERM
Topical term or geographic name entry element water quality management
Form subdivision juvenile literature
650 ## - SUBJECT ADDED ENTRY--TOPICAL TERM
Topical term or geographic name entry element water resources developement
Form subdivision juvenile literature
942 ## - ADDED ENTRY ELEMENTS (KOHA)
Source of classification or shelving scheme Dewey Decimal Classification
Koha item type Books
Suppress in OPAC No
Holdings
Withdrawn status Lost status Source of classification or shelving scheme Damaged status Not for loan Collection Home library Current library Shelving location Date acquired Total Checkouts Full call number Barcode Date last seen Price effective from Koha item type
    Dewey Decimal Classification     Non-Fiction Footprints International School Library Network Toul Kork Campus Footprints International School Library Network Toul Kork Campus TTP Secondary Non-Fiction Bookshelves 01/13/2025   MUL 333.91 HD1691.M84 2025-0024 01/13/2025 01/13/2025 Books